| 000 | 00739nam a2200229Ia 4500 | ||
|---|---|---|---|
| 005 | 20220630103429.0 | ||
| 008 | 210716s2010 xx 000 0 und d | ||
| 020 | _a9788122423853 | ||
| 040 | _cAIMIT LIBRARY | ||
| 041 | _aeng | ||
| 082 |
_a511.6 _21 _bMOHC |
||
| 100 |
_aMohan, C. _946191 |
||
| 245 |
_aOptimization techniques / _cBy C Mohan and Kusum Deep. |
||
| 250 | _a1st ed. | ||
| 260 |
_aNew Delhi : _bNew Age International Pvt Ltd , _c2010. |
||
| 300 |
_axiv,611p. ; _c24 cm. |
||
| 650 |
_aClassical optimization techniques _946192 |
||
| 650 |
_aLInear programming _946193 |
||
| 650 |
_aSolution of unconstrained nonlinear optimization problems _946194 |
||
| 700 |
_aDeep, Kusum. _946195 |
||
| 942 |
_2ddc _cBK _e1st _k511.6 MOHC |
||
| 999 |
_c192025 _d192025 |
||